| 000 | 00404nam a2200169Ia 4500 | ||
|---|---|---|---|
| 008 | 230524s9999 xx 000 0 und d | ||
| 082 |
_a658.43 _bKAK |
||
| 100 |
_aS.L.Kakani _931120 |
||
| 245 | 0 | _aMaterial Science | |
| 250 | _aIST | ||
| 260 |
_aNEW DELHI _bNew Age _c2005 |
||
| 300 | _aXV;634 | ||
| 500 | _aQuantity Number: 1 | ||
| 650 | _aChemistry | ||
| 700 |
_a Amit Kakani _931121 |
||
| 942 | _cBK | ||
| 999 |
_c44274 _d44274 |
||